| 000 | 01014nam a2200253Ia 4500 | ||
|---|---|---|---|
| 003 | GCL | ||
| 008 | 140319s9999 xx 000 0 ara d | ||
| 040 |
_aGCL / _cGCL |
||
| 082 | 0 | 4 |
_a929.1 _bا ت |
| 100 | 1 | _aابن باطيش : عمادالدين ابو المنجد اسماعيل بن هبةاللة بن سعيد | |
| 245 | 1 | 0 |
_aالتمييز والفصل بين المتفق فى الخط والنقط والشكل / _cابن باطيش : عمادالدين ابو المنجد اسماعيل بن هبةاللة بن سعيد |
| 700 | 1 | _aعبدالحفيظ منصور | |
| 260 |
_aالقاهرة : _bالدار العربية للكتاب ، _c1983 |
||
| 300 |
_a480 ص ؛ _c24 سم |
||
| 490 | _a | ||
| 650 | 0 | 4 | _aاللغة العربية |
| 650 | 0 | 4 | _aالتراجم |
| 650 | 0 | 4 | _aالانساب العربية |
| 650 | 0 | 4 | _aالمعاجم |
| 650 | 0 | 4 | _aالمعاجم العربية |
| 650 | 0 | 4 | _aالانساب والاعراق |
| 650 | 0 | 4 | _aاسماء الاشخاص |
| 942 |
_2ddc _cBK |
||
| 999 |
_c55271 _d55271 |
||